000 00204 a2200097 4500
001 45340
100 _aA Yusuf Ali
245 _aThe holy Quran
260 _aLahore
_bS M Ashraf
_c
090 _c28508
_d28508
942 _aNUST-CAE
_cM
_c20567
999 _c280413
_d280413